NBA Team With the Lowest Postseason Win Percentage Since 2000 - Statistics

General Stats
  • This quiz has been taken 33 times
  • The average score is 4 of 5
Answer Stats
% Team % Correct
.368 Charlotte Hornets
90%
.376 Portland Trail Blazers
79%
.398 Utah Jazz
79%
.373 New Orleans Pelicans
76%
.384 Memphis Grizzlies
72%
No matching quizzes found
Score Distribution
Percent of People with Each Score
Percentile by Number Answered
Your Score History
You have not taken this quiz